The Anime Titles Quiz - Statistics

General Stats
  • This quiz has been taken 8,512 times
  • The average score is 39 of 81
Answer Stats
English Titles Missing word % Correct
______ on Titan Attack
96%
______ Ball Z Dragon
95%
One _____ Man Punch
95%
_____ Deadly Sins Seven
95%
_____ Art Online Sword
94%
_____ Ghoul Tokyo
94%
____ Exorcist Blue
93%
______ Shippuden Naruto
93%
Death ____ Note
93%
_________ Alchemist Fullmetal
91%
Sailor ____ Moon
90%
Your lie in _____ April
89%
____ Geass Code
88%
Kill La ____ Kill
87%
Food ____ Wars
87%
_____ Butler Black
86%
______ Bebop Cowboy
86%
High School of the ____ Dead
84%
Yuri on ___ Ice
83%
_____________ Classroom Assassination
81%
____ No Hero Academia Boku
79%
Bungou ____ Dogs Stray
79%
Neon Genesis __________ Evangelion
78%
_____ Beats Angel
75%
_____ High School Host Club Ouran
63%
Psycho ____ Pass
62%
_____ in the Shell Ghost
59%
Deadman _________ Wonderland
58%
Prison _____ School
57%
Mobile Suit ______ Gundam
54%
______ Crown Guilty
53%
Nora____ gami
52%
_____ Nikki Mirai
52%
Lucky ____ Star
51%
____ Hina Love
49%
_______ than Black Darker
47%
______ Lagann Gurren
46%
Log ______ Horizon
46%
Dangan _____ Ronpa
46%
No. _ 6
44%
5 __________ per Second Centimeters
42%
Parasyte the ______ Maxim
41%
_____ No Seraph Owari
40%
A Certain Magical _____ Index
38%
Puella Magi ______ Magica Madoka
36%
Accel _____ World
36%
Love ____ School Idol Live
35%
Ao ____ Ride Haru
34%
RE: Life in a Different World from ____ Zero
34%
Diabolik ______ Lovers
33%
Corpse _____ Party
32%
Love Chunibyou & Other _________ Delusions
30%
Terror in _________ Resonance
30%
91 ____ Days
29%
Kore Wa Zombie ____ Ka? Desu
28%
Kokoro _______ Connect
26%
____ and Test Baka
25%
Kuroko No _______ Basuke
25%
_____ Lad Blood
25%
_______ Wa Maid-Sama Kaichou
24%
Kekkai ______ Sensen
22%
___vamp Ser
21%
______ Axis Powers Hetalia
19%
Kyoukai No ______ Kanata
18%
Hataraku ____-Sama Maou
17%
________ Hajimemashita Kamisama
16%
Tokyo _________ 0.8 Magnitude
16%
______ Seven Eureka
15%
Boku Dake Ga Inai _____ Machi
15%
Hotarubi No ____ E Mori
15%
Mekakucity ______ Actors
13%
Sket _____ Dance
13%
Wata____ mote
13%
Junjou ________ Romantica
13%
_______ Conflict Brothers
11%
________ Lost Property Heaven's
11%
Dramatical ______ Murder
11%
_______ No Tempest Zetsuen
10%
_____ Lovers Super
7%
______-kun Wa Itsumo Kedaruge Tanaka
6%
One _____ Piece
2%
No matching quizzes found
Score Distribution
Percent of People with Each Score
Percentile by Number Answered
Your Score History
You have not taken this quiz